Entwurf eines gesetzes betreffend aenderungen der Konkursordnung sowie eines zugehörigen einführungsgesetzes. Reichstagsvorlage.

Saved in:
Bibliographic Details
Corporate Author: Germany.
Format: Book
Language:German
Published: Berlin, J. Guttentag, 1898.
Subjects:
Tags: Add Tag
No Tags, Be the first to tag this record!
LEADER 00551nam a2200181I 4500
001 005299666-2
005 20020606095253.2
008 950214s1898 gw 000 0 ger
010 |a  18000262 //r43 
035 0 |a ocn961380047 
040 |a DLC  |c HVL 
110 1 |a Germany. 
245 1 0 |a Entwurf eines gesetzes betreffend aenderungen der Konkursordnung sowie eines zugehörigen einführungsgesetzes.  |b Reichstagsvorlage. 
260 |a Berlin,  |b J. Guttentag,  |c 1898. 
300 |a 27 p.  |c 19 cm. 
650 0 |a Bankruptcy  |z Germany. 
988 |a 20020608 
906 |0 DLC